[Event "HUN-chT2 Toth 1819"]
[Site "Hungary"]
[Date "2018.11.18"]
[Round "4.5"]
[White "Marosi, Csaba"]
[Black "Pluhar, Andras"]
[Result "0-1"]
[WhiteElo "2037"]
[BlackElo "1797"]
[PlyCount "48"]
[EventDate "2018.09.23"]
[EventType "team-tourn"]
[EventRounds "11"]
[EventCountry "HUN"]
[SourceTitle "EXT 2021"]
[Source "ChessBase"]
[SourceDate "2020.10.23"]
[SourceVersion "1"]
[SourceVersionDate "2020.10.23"]
[SourceQuality "1"]
[WhiteTeam "Kecskemet Takisz"]
[BlackTeam "Szeged Maroczy III"]
[WhiteTeamCountry "HUN"]
[BlackTeamCountry "HUN"]

1. e4 e5 2. d4 exd4 3. Qxd4 Nc6 4. Qe3 Nf6 5. Bd2 Qe7 6. Nc3 g6 7. 0-0-0 Bg7 8. f4 d6 9. Nf3 0-0 10. h3 Re8 11. Bd3 Nb4 12. g4 Nfd5 13. Nxd5 Nxd5 14. Qf2 Qf6 15. e5 dxe5 16. fxe5 Rxe5 17. g5 Rxg5 18. Bxg5 Qxb2+ 19. Kd2 Qb4+ 20. c3 Nxc3 21. Kc1 Qa3+ 22. Kd2 Qa5 23. Kc1 Nxa2+ 24. Kc2 Qc3+ 0-1

[Event "SVK-chT2A 1718"]
[Site "Slovakia"]
[Date "2017.11.25"]
[Round "3.3"]
[White "Marosi, Csaba"]
[Black "Cech, Dominik"]
[Result "0-1"]
[WhiteElo "2018"]
[BlackElo "2169"]
[PlyCount "94"]
[EventDate "2017.10.28"]
[EventType "team-tourn"]
[EventRounds "11"]
[EventCountry "SVK"]
[SourceTitle "EXT 2019"]
[Source "ChessBase"]
[SourceDate "2018.10.10"]
[SourceVersion "1"]
[SourceVersionDate "2018.10.10"]
[SourceQuality "1"]
[WhiteTeam "Potonska Veza"]
[BlackTeam "Bratislava Doprastav"]
[WhiteTeamCountry "SVK"]
[BlackTeamCountry "SVK"]

1. e4 e5 2. d4 exd4 3. Qxd4 Nc6 4. Qe3 Nf6 5. Bd2 Bb4 6. a3 Bxd2+ 7. Nxd2 0-0 8. 0-0-0 Re8 9. Qf4 d6 10. Qh4 Nxe4 11. Qxd8 Nxd8 12. Nxe4 Rxe4 13. Bd3 Re8 14. Ne2 Bd7 15. Nd4 Ne6 16. Bf5 g6 17. Nxe6 Bxe6 18. Bxe6 Rxe6 19. Rd2 Rae8 20. Rhd1 Kg7 21. c3 h5 22. h4 Re4 23. g3 Re2 24. Kc2 Kf6 25. Kd3 Rxd2+ 26. Kxd2 Re5 27. Rf1 Ke6 28. Kd3 d5 29. f3 f6 30. Rg1 c5 31. b3 b6 32. a4 Kf7 33. f4 Re4 34. c4 Rd4+ 35. Kc3 dxc4 36. bxc4 Re4 37. Kb3 Re7 38. Kb2 g5 39. fxg5 fxg5 40. hxg5 Kg6 41. Rf1 Kxg5 42. Rf4 Re6 43. Rh4 Re2+ 44. Kc3 Re6 45. Rh3 Re3+ 46. Kb2 Rf3 47. Ka2 Rc3 0-1

[Event "SVK-chT2A 1617"]
[Site "Slovakia"]
[Date "2016.12.04"]
[Round "6.2"]
[White "Marosi, Csaba"]
[Black "Bednar, Jan"]
[Result "1/2-1/2"]
[WhiteElo "1997"]
[BlackElo "2062"]
[PlyCount "53"]
[EventDate "2016.10.08"]
[EventType "team-tourn"]
[EventRounds "11"]
[EventCountry "SVK"]
[SourceTitle "EXT 2018"]
[Source "ChessBase"]
[SourceDate "2017.10.13"]
[SourceVersion "1"]
[SourceVersionDate "2017.10.13"]
[SourceQuality "1"]
[WhiteTeam "Potonska Veza"]
[BlackTeam "Bratislava Doprastav II"]
[WhiteTeamCountry "SVK"]
[BlackTeamCountry "SVK"]

1. e4 c5 2. Nf3 d6 3. d4 cxd4 4. Qxd4 a6 5. c4 Nc6 6. Qd2 Nf6 7. Nc3 g6 8. b3 Bg7 9. Bb2 0-0 10. h3 Bd7 11. Bd3 Re8 12. 0-0 Rb8 13. Rad1 Ne5 14. Nxe5 dxe5 15. Be2 Bc6 16. Qe3 Qc8 17. Nd5 Nxe4 18. Qxe4 e6 19. Qe3 exd5 20. cxd5 Bd7 21. Rc1 Qd8 22. Rfd1 Qa5 23. a3 Rbc8 24. b4 Qa4 25. Rxc8 Rxc8 26. Rc1 Rxc1+ 27. Qxc1 1/2-1/2

[Event "SVK-chT2A 1516"]
[Site "Slovakia"]
[Date "2016.02.14"]
[Round "9.7"]
[White "Marosi, Csaba"]
[Black "Isa, Vlastimil"]
[Result "1/2-1/2"]
[WhiteElo "2020"]
[BlackElo "1944"]
[PlyCount "104"]
[EventDate "2015.10.17"]
[EventType "team-tourn"]
[EventRounds "11"]
[EventCountry "SVK"]
[SourceTitle "EXT 2017"]
[Source "ChessBase"]
[SourceDate "2016.10.25"]
[SourceVersion "1"]
[SourceVersionDate "2016.10.25"]
[SourceQuality "1"]
[WhiteTeam "Velky Meder"]
[BlackTeam "Bratislava Slovan IV"]
[WhiteTeamCountry "SVK"]
[BlackTeamCountry "SVK"]

1. e4 c5 2. Nf3 Nc6 3. Bb5 g6 4. 0-0 Bg7 5. Re1 d6 6. c3 Bd7 7. h3 Nf6 8. d4 cxd4 9. cxd4 0-0 10. Nc3 a6 11. Bf1 Re8 12. Bg5 h6 13. Be3 Kh7 14. Rc1 Rc8 15. Qb3 e6 16. Qxb7 Rb8 17. Qxa6 Rxb2 18. Qa3 Qb8 19. Rb1 Rxb1 20. Rxb1 Qc7 21. Bd3 Bf8 22. Qc1 Rb8 23. Rxb8 Qxb8 24. Qb1 Qc7 25. Bd2 Qa7 26. Nb5 Qa4 27. Qb3 Qxb3 28. axb3 d5 29. e5 Ne4 30. Be1 Nb4 31. Bxb4 Bxb4 32. Kf1 Bxb5 33. Bxb5 Nd2+ 34. Nxd2 Bxd2 35. Ke2 Bb4 36. Kd3 Kg7 37. g4 g5 38. Bc6 Kf8 39. Bb5 Kg7 40. Ke3 Kf8 41. Bc6 Kg7 42. Bd7 Kf8 43. Bc8 Kg7 44. f4 gxf4+ 45. Kxf4 Bd2+ 46. Kf3 Bb4 47. Bd7 Kf8 48. Ke3 Ke7 49. Bb5 Kf8 50. Bc6 Kg7 51. Bd7 Kf8 52. Kd3 Ke7 1/2-1/2

[Event "SVK-chT4 A22 1516"]
[Site "Slovakia"]
[Date "2016.01.24"]
[Round "7.3"]
[White "Marosi, Csaba"]
[Black "Gajarsky, Roman"]
[Result "1-0"]
[WhiteElo "2020"]
[BlackElo "1750"]
[PlyCount "63"]
[EventDate "2015.10.04"]
[EventType "team-tourn"]
[EventRounds "11"]
[EventCountry "SVK"]
[SourceTitle "EXT 2020"]
[Source "ChessBase"]
[SourceDate "2019.10.17"]
[SourceVersion "1"]
[SourceVersionDate "2019.10.17"]
[SourceQuality "1"]

1. e4 e6 2. d4 d5 3. Nc3 c6 4. Be3 Nf6 5. f3 Be7 6. Qd2 b5 7. e5 Nfd7 8. f4 Nb6 9. Bd3 Nc4 10. Bxc4 dxc4 11. Ne4 Nd7 12. Nf3 Nb6 13. 0-0 Nd5 14. Rad1 h6 15. Qe2 Bd7 16. Bc1 Qc7 17. Nc5 a5 18. Nd2 Bxc5 19. dxc5 f5 20. exf6 Nxf6 21. Nf3 0-0-0 22. Ne5 Be8 23. Rxd8+ Qxd8 24. a4 Nd5 25. axb5 cxb5 26. b3 cxb3 27. cxb3 Rf8 28. c6 Qb6+ 29. Kh1 Kc7 30. Bd2 Kd6 31. Qe1 b4 32. Nc4+ 1-0

[Event "SVK-chT2A 1415"]
[Site "Slovakia"]
[Date "2015.02.01"]
[Round "7.5"]
[White "Pytlik, Pavol"]
[Black "Marosi, Csaba"]
[Result "1/2-1/2"]
[WhiteElo "2027"]
[BlackElo "2002"]
[PlyCount "74"]
[EventDate "2014.10.11"]
[EventType "team-tourn"]
[EventRounds "11"]
[EventCountry "SVK"]
[SourceTitle "EXT 2016"]
[Source "ChessBase"]
[SourceDate "2015.10.08"]
[SourceVersion "1"]
[SourceVersionDate "2015.10.08"]
[SourceQuality "1"]
[WhiteTeam "Bratislava Lokomotiva"]
[BlackTeam "Potonska Veza"]
[WhiteTeamCountry "SVK"]
[BlackTeamCountry "SVK"]

1. e4 Nf6 2. d3 d5 3. Nd2 e5 4. g3 dxe4 5. dxe4 Bc5 6. Bg2 0-0 7. Ngf3 Nc6 8. 0-0 Bg4 9. c3 a5 10. a4 Qd3 11. Re1 Rad8 12. Qb3 Qa6 13. Qb5 Qa7 14. Qe2 Rd7 15. h3 Bxf3 16. Bxf3 Rfd8 17. Nb3 Be7 18. Be3 b6 19. g4 Ne8 20. g5 Bd6 21. h4 Nb8 22. Bg4 Re7 23. Qc2 Qb7 24. Nd2 Nd7 25. Nf1 Nf8 26. Ng3 g6 27. h5 Ne6 28. hxg6 hxg6 29. Bxe6 Rxe6 30. Rad1 Be7 31. Rxd8 Bxd8 32. Qe2 Be7 33. Kg2 Nd6 34. f3 Bf8 35. Bf2 Bg7 36. Qc2 Qc6 37. Ne2 Nb7 1/2-1/2

[Event "Kecskemet Caissa Rating 02"]
[Site "Kecskemet"]
[Date "2013.02.24"]
[Round "9"]
[White "Zsiros, Laszlo"]
[Black "Marosi, Csaba"]
[Result "1/2-1/2"]
[WhiteElo "1867"]
[BlackElo "1949"]
[PlyCount "21"]
[EventDate "2013.02.16"]
[EventType "tourn"]
[EventRounds "10"]
[EventCountry "HUN"]
[SourceTitle "CBM 153 Extra"]
[Source "ChessBase"]
[SourceDate "2013.04.22"]
[SourceVersion "1"]
[SourceVersionDate "2013.04.22"]
[SourceQuality "1"]

1. d4 d5 2. g3 g6 3. Bg2 Bg7 4. Nc3 c6 5. Nf3 Nf6 6. Bg5 0-0 7. 0-0 Bf5 8. Ne5 Nbd7 9. Bf4 Nxe5 10. Bxe5 h5 11. h4 1/2-1/2

[Event "Kecskemet Caissa Rating 02"]
[Site "Kecskemet"]
[Date "2013.02.19"]
[Round "4"]
[White "Marosi, Csaba"]
[Black "Zsiros, Laszlo"]
[Result "1/2-1/2"]
[WhiteElo "1949"]
[BlackElo "1867"]
[PlyCount "23"]
[EventDate "2013.02.16"]
[EventType "tourn"]
[EventRounds "10"]
[EventCountry "HUN"]
[SourceTitle "CBM 153 Extra"]
[Source "ChessBase"]
[SourceDate "2013.04.22"]
[SourceVersion "1"]
[SourceVersionDate "2013.04.22"]
[SourceQuality "1"]

1. e4 g6 2. d4 c6 3. Nc3 d5 4. e5 h5 5. f4 Nh6 6. Be3 Bg7 7. Nf3 Bg4 8. Be2 Nf5 9. Bf2 e6 10. 0-0 Nd7 11. Qd2 a6 12. a4 1/2-1/2

[Event "SVK-chT3A2 1213"]
[Site "Slovakia"]
[Date "2013.01.13"]
[Round "6.5"]
[White "Lanik, Miroslav"]
[Black "Marosi, Csaba"]
[Result "1/2-1/2"]
[WhiteElo "1945"]
[BlackElo "1949"]
[PlyCount "24"]
[EventDate "2012.10.07"]
[EventType "team-tourn"]
[EventRounds "11"]
[EventCountry "SVK"]
[SourceTitle "EXT 2015"]
[Source "ChessBase"]
[SourceDate "2014.11.20"]
[SourceVersion "1"]
[SourceVersionDate "2014.11.20"]
[SourceQuality "1"]
[WhiteTeam "Senica SK"]
[BlackTeam "Potonska Veza"]
[WhiteTeamCountry "SVK"]
[BlackTeamCountry "SVK"]

1. e4 c5 2. Nf3 e6 3. d4 cxd4 4. Nxd4 Qb6 5. Nb3 Qc7 6. Nc3 a6 7. g3 b5 8. Bg2 Bb7 9. 0-0 d6 10. Re1 Nd7 11. Nd4 Ngf6 12. a4 bxa4 1/2-1/2